Právne otázky odmeny za prácu robotníkov a zamestnancov

Bibliographic Details
Main Author: Pašerstnik, Aron Jefimovič (Author)
Other Authors: Belaj, Jozef, 1911-2005 (Translator)
Format: Book
Language:Slovak
Russian
PhysicalDescription:320 strán 25 cm
Published: Bratislava Nakladateľstvo Slovenskej akadémie vied a umení 1952
Subjects:

MARC

LEADER 00000cam a2200000 a 4500
001 vtls008389539
003 SK-MaSNL
005 20260301145310.0
008 230403s1952 xo grn 000 0 slo
015 |a SNBA19451955-008842 
020 |q (viazané) 
035 |a SK01SNKBKSFS20010081756 
035 |a urn:nbn:sk:snk-am3icx1 
035 |a urn:nbn:sk:snk-am00e3tf 
035 |a 9EAD7C88-BF87-4689-B082-3C2EB158488D 
035 |a SKM000084219 
040 |a SNK  |b slo  |c SNK  |e AACR2 
041 1 |a slo  |h rus 
044 |a xo  |c SK 
080 |a 331.2  |2 1981 
100 1 |a Pašerstnik, Aron Jefimovič  |4 aut  |9 439241 
240 1 0 |a Pravovyje voprosy voznagraždenija za trud rabočich i služaščich  |l Slovensky 
245 1 0 |a Právne otázky odmeny za prácu robotníkov a zamestnancov  |c A. E. Pašerstnik ; z ruského originálu Pravovyje voprosy voznagraždenija za trud rabočich i služaščich ... preložil J. Belaj 
260 |a Bratislava  |b Nakladateľstvo Slovenskej akadémie vied a umení  |c 1952  |e Ružomberok  |f Stredoslovenské tlačiarne 
300 |a 320 strán  |c 25 cm 
366 |e 3000 kusov 
504 |a Poznámky a bibliografia na strane 264-315 
650 0 7 |a odmeňovanie  |2 SNKPH  |9 2329 
650 0 7 |a zamestnanci  |2 SNKPH  |9 16311 
655 7 |a právne predpisy  |2 SNKPH  |9 70481 
655 7 |a monografie  |2 SNKPH  |9 70139 
700 1 |a Belaj, Jozef,  |d 1911-2005  |4 trl  |9 36899 
852 |a Slovenská národná knižnica 
954 |a odborná, vedecká literatúra cudzojazyčná (svetová)  |2 lita 
958 |a RK 
958 |a TL 
958 |a OP 
958 |a NB 
958 |a OND 
958 |a EUIPO 
968 |b RUS 
999 |c 779754  |d 781684 
952 |a SNK  |b SNK  |y PREZ  |7 0  |p 17A0767815  |o snkSC 4745  |i snk4960/52  |0 0  |1 0  |4 0  |d 2019-02-08  |f 1  |l 0  |r 2025-06-25 00:00:00  |w 2026-02-24